00921nam a2200265 a 450000100060000000300090000600500170001500800410003202000150007302000220008803500190011004000290012904100080015808200330016610000200019924501340021926000570035330000250041050000290043550400490046465000460051365000380055965100420059771000160063960933BD-RjUL 20211209080910.0170104s1981 nyu b 001 0 eng d a0195203682 a0195203690 (pbk.) a(BD-RjUL)61057 aDLCcDLCbengd(BD-RjUL) aeng 223 a338.9091724 bSTF 1981 1 aStreeten, Paul.10aFirst things first :bmeeting basic human needs in the developing countries /cPaul Streeten with Shahid Javed Burki ... [et al.] aNew York ;aOxford :bOxford University Press,c1981 axii, 206 p. ;c23 cm aA World Bank publication aIncludes bibliography:(p. 193-199) and index 0aEconomic assistancezDeveloping countries 0aBasic needszDeveloping countries 0aDeveloping countriesxEconomic policy2 aWorld Bank.